La Historia de América Latina como subdisciplina histórica /

Gespeichert in:
Bibliographische Detailangaben
1. Verfasser: Pietschmann, Horst
Format: Text
Schlagworte:
Tags: Tag hinzufügen
Keine Tags, Fügen Sie den ersten Tag hinzu!

MARC

LEADER 00000 a a2200000 04500
001 5027
003
040
100 |a Pietschmann, Horst  
245 |a La Historia de América Latina como subdisciplina histórica /  |c Horst Pietschmann 
650 |a HISTORIA  
650 |a AMERICA LATINA  
650 |a ESTADOS UNIDOS  
773 |g volumen 9, número 1 -2; páginas 9-43  
999 |c 34098  |d 34098